Growing up!
Tallennettuna:
| Päätekijä: | |
|---|---|
| Aineistotyyppi: | Kirja |
| Kieli: | English |
| Julkaistu: |
ÚA.
2008
|
| Aiheet: | |
| Tagit: |
Lisää tagi
Ei tageja, Lisää ensimmäinen tagi!
|
| Thư viện lưu trữ: | Mạng thư viện Đại học Đà Nẵng |
|---|
| LEADER | 00906cam a22002771a 4500 | ||
|---|---|---|---|
| 001 | 000033474 | ||
| 003 | 9644 | ||
| 005 | 20210320124940.0 | ||
| 008 | 151016s2008 000 eng | ||
| 020 | |a 9780755636715 | ||
| 041 | |a eng | ||
| 082 | |a 372 |b CR-K | ||
| 100 | |a Cronan, Kate | ||
| 245 | 0 | |a Growing up! |a A Parent's Guide to Childhood / |c Kate Cronan. | |
| 260 | |c 2008 |a ÚA. | ||
| 300 | |a 320p. : |b ill. ; |c 25cm. | ||
| 650 | |a Growing up |a Children |a Society | ||
| OWN | |a LNN | ||
| 902 | |b TKA | ||
| AVA | |a UDN50 |b LNN |c English |d 420.30 CR-K |e available |t Error 5001 Not defined in file expand_doc_bib_avail. |f 3 |g 0 |h N |i 1 |j AN | ||
| 999 | |a From the UDN01 | ||
| AVA | |a UDN50 |b LNN |c English |d 420.30 CR-K |e available |t Error 5001 Not defined in file expand_doc_bib_avail. |f 3 |g 0 |h N |i 1 |j AN | ||
| TYP | |a Monograph | ||
| 980 | |a Mạng thư viện Đại học Đà Nẵng | ||